SB MAFFIJA - Statystyki

Ogólne statystyki
  • Ten quiz został rozwiązany 799 razy
  • Średni wynik to 8 z 12
Statystyki odpowiedzi
Hint Odpowiedź % Poprawnych
3 bedoes
96%
1 białas
95%
5 white
92%
2 solar
89%
8 mata
88%
9 jan rapowanie
74%
4 beteo
67%
10 lanek
67%
7 kacperczyk
53%
6 moli
35%
11 adm
11%
12 zui
8%
Nie znaleziono quizów pasujących do podanych kryteriów
Rozkład punktacji
Procent ludzi z każdym wynikiem
Percentyl według liczby udzielonych odpowiedzi
Twoja historia wyników
Nie rozwiązałeś tego quizu